Представление документа в формате RUSMARC

ПолеНазваниеЗначение
  Тип записи a
  Библиографический уровень m
001 Контрольный номер RU/SLIB/B/208712495
005 Дата корректировки 20201206203915.3
010 Индекс ISBN __
d Цена 4-00
101 Язык документа __
a Язык текста ger
c Язык оригинала ger
200 Заглавие и сведения об ответственности 0_
a Заглавие Furnberg: Ein lesebuch fur unsere Zeit
f Первые сведения об ответственности V. H. Bohm
b Общее обозначение материала Текст
210 Выходные данные __
a Место издания Berlin
c Издательство Aufbau Verlag
d Дата издания 1974
215 Физическое описание __
a Объем 455 с.
300 Общие примечания __
a Общие примечания Текст на нем. яз.
517 Другие варианты заглавия __
a Другие варианты заглавия Фюрнберг: Учебник для нашего времени
600 Персоналии __
a Персоналии (Фамилия) Фюрнберг Л.
c Дополнение к имени поэт немецкий
f Даты 1909-1957
g Полное имя Луи
606 Тематические рубрики __
a Основная рубрика Литературоведение
z Хронологическая подрубрика 20 в.
y Географическая подрубрика Германия
606 Тематические рубрики __
a Основная рубрика Литература Европы
610 Ключевые слова __
a Ключевые слова персоналии; поэты; биографии; немецкий язык
686 Индексы других классификаций __
a Классификационный индекс 83.3(4Гем)-8
700 Автор _1
a Фамилия Bohm
b Имя V. H.
4 Код отношения 070
801 Источник записи _0
a Страна RU
b Организация Муниципальное бюджетное учреждение культуры "Централизованная библиотечная система" г. Сургут (Центральная городская библиотека им. А. С. Пушкина)
g Правила каталогизации ОБ/Котельникова
801 Источник записи _1
a Страна RU
b Организация Муниципальное бюджетное учреждение культуры "Централизованная библиотечная система" г. Сургут (Центральная городская библиотека им. А. С. Пушкина)
g Правила каталогизации ОБ/Котельникова
852 Данные о местонахождении __
j Шифр хранения 83.3(4Гем)-8
c Каталожный индекс 83.3(4Гем)-8
i Авторский знак B 72
901 Тип документа __
t Тип документа m
903 Характеристики (МАРС) __
a Дата передачи 20010123
990 Данные о заказе (DOS) 00
j Количество экземпляров (DOS) 1
t N записи в КСУ для И/У (DOS) 200101